| 000 | 00585nam a2200193 i 4500 | ||
|---|---|---|---|
| 001 | 78975 | ||
| 003 | ES-MaACL | ||
| 005 | 20230906173852.0 | ||
| 007 | t| | ||
| 008 | 041018s1932 sp ||||1| spa d | ||
| 100 | 1 |
_aHeimsoeth, Heinz. _962366 |
|
| 245 | 1 | 3 |
_aLa metafísica moderna / _cpor Heinz Heimsoeth ; traducción del alemán por José Gaos. |
| 260 |
_aMadrid : _bRevista de Occidente, _c1932 ( _fGalo Sáez) |
||
| 300 |
_a353 p. ; _c22 cm. |
||
| 650 | 4 |
_aMetafísica- _xHistoria. _9177852 |
|
| 700 | 1 |
_aGaos, José. _953902 |
|
| 852 |
_aES-MaACL _jA-1436 |
||
| 999 |
_c78975 _d78975 |
||